Mort Subite - Quels sont les joueurs qui ont joué au Bayern - Statistiques

Statistiques générales
  • Ce quiz a été pris 117 fois
  • Le résultat moyen est 15 sur 20
Answers on the Grid
Answers color-coded by a green-red scale on the quiz's grid according to % correct below.
Marco Reus
Mats Hummels
Mario Gomez
Joao Cancelo
Pepe Reina
Kai Havertz
David Alaba
Thomas Muller
Joshua Zirkzee
Kenan Yildiz
Kevin De Bruyne
Bouna Sarr
Luis Diaz
Julian Brandt
Toni Kroos
Erling Haaland
Noussair Mazraoui
Javi Martinez
Rayan Cherki
Florent Malouda
Joshua Kimmich
Lucio
Martin Terrier
Douglas Costa
Joao Neves
Raphael Guerreiro
Tom Bischof
Marc-André Ter Stegen
Mathys Tel
Joao Palhinha
 
Statistiques - réponses
Réponse % Correct
Thomas Muller
92%
David Alaba
89%
Joshua Kimmich
89%
Luis Diaz
88%
Mario Gomez
88%
Mats Hummels
86%
Mathys Tel
85%
Joao Cancelo
82%
Raphael Guerreiro
82%
Toni Kroos
82%
Bouna Sarr
79%
Noussair Mazraoui
77%
Douglas Costa
75%
Javi Martinez
75%
Joao Palhinha
75%
Tom Bischof
66%
Joshua Zirkzee
59%
Lucio
59%
Pepe Reina
59%
Kenan Yildiz
34%
Aucun quiz correspondant
Distribution des résultats
% des personnes avec chaque résultat
Percentile par nombre de réponses
Votre historique - résultats
Vous n’avez pas pris ce quiz